000 00488nam a2200193Ia 4500
005 20250423101500.0
008 250422s9999 xx 000 0 und d
020 _a9781138123588
050 _aTR 800 .E34/
100 _aEdge, Martin
245 4 _aThe underwater photographer
250 _a5th ed.
260 _aNew York
260 _bRoutledge taylor & francis group
260 _c2020
300 _a486 p
650 _aUnderwater photography--Amateurs' manuals.
942 _cBK
999 _c36412
_d36412